| 000 | 01235nam0a2200373 4500 | ||
|---|---|---|---|
| 001 | RU\NLR\BIBL_A\011100601 | ||
| 005 | 20260409072303.0 | ||
| 010 |
_a978-5-906793-98-0 _95000 |
||
| 021 |
_aRU _b2016-22964 _91450 |
||
| 035 | _a(NLR Aleph) 011100601 | ||
| 035 | _a(NILC)RuMoRGB-008254172 | ||
| 090 |
_a11418081 _c11418081 |
||
| 100 | _a20160412d2016 u y0rusy50 ca | ||
| 101 | 0 | _arus | |
| 102 | _aRU | ||
| 105 | _ay z 000yy | ||
| 200 | 1 |
_aО том, как грех вызывает наказание _f[авт.-сост. Посадский Н. С.] |
|
| 210 |
_aМосква _cСибирская Благозвонница _d2016 |
||
| 215 |
_a221, [2] с. _d17 |
||
| 333 | _a12+ | ||
| 606 |
_aГрех (религ.) _3RU\NLR\AUTH\66993402 _91581792 |
||
| 610 | 0 | _aгрех | |
| 610 | 0 | _aнаказание | |
| 675 | _a2 | ||
| 686 | 2 | _aЭ372.24-433.222 | |
| 702 | 1 |
_4220 _8rus _7ca _aПосадский _bН. С. _gНиколай С. _cлитератор _3RU\NLR\AUTH\7793190 _976116 |
|
| 801 | 0 |
_aRU _bРГБ _c20160323 _gRCR |
|
| 801 | 2 |
_aRU _bРГБ _c20160325 _grcr |
|
| 942 | _cBOOK | ||
| 980 | _aNBR | ||
| 980 | _aNB | ||